Super Graphic Ultra Modern Girl - Chappell Roan (All Lyrics) - Statistics

General Stats
  • This quiz has been taken 84 times
  • The average score is 292 of 346
Answer Stats
Lyrics % Correct
a
100%
A
100%
girl
100%
He
100%
he
100%
I
100%
like
100%
me
100%
me)
100%
me,
100%
the
98%
You
98%
you
98%
graphic
96%
modern
96%
modern,
96%
on
96%
super
96%
ultra
96%
with
96%
With
96%
And
95%
and
95%
know
95%
want
95%
was,
95%
was
95%
what
95%
date"
93%
to
93%
bar;
91%
bar
91%
But
91%
but
91%
first
91%
It
91%
it
91%
need
91%
"Never
91%
say,
91%
take
91%
there
91%
wearing
91%
Wearing
91%
be
89%
dance
89%
Friday
89%
hair
89%
him
89%
I'm
89%
jeans
89%
night
89%
these
89%
they
89%
waste
89%
can't
88%
doesn't
88%
fugly
88%
have
88%
man
88%
my
88%
Not
88%
so,
88%
takes
88%
this
88%
in
86%
-in'
86%
Oh
86%
oh,
86%
We're
86%
we're
86%
all
84%
boys
84%
come
84%
planet,
84%
straight
84%
leaving
82%
overdramatic,
82%
didn't
81%
"La
81%
la
81%
la"
81%
that
81%
through
81%
wouldn't
81%
(Ah
79%
ah
79%
ah)
79%
heels
79%
single
79%
yeah,
79%
at
77%
At
77%
matter
77%
one
77%
ask
75%
question
75%
she's
75%
though
75%
baby,
74%
her
74%
your
74%
every
72%
Look
72%
asses
70%
from
70%
nothing
70%
our
70%
Walk
70%
walk
70%
walk,
70%
You're
70%
Get
68%
get
68%
out
68%
shaking
68%
up
68%
world
68%
camera,
67%
camera
67%
glitter
67%
hyper
67%
Hyper
67%
lashes
67%
party,
67%
Tokyo
67%
collapses
65%
feet,
65%
flash
65%
moving,
65%
New
65%
York
65%
everything
63%
Making
63%
star
63%
while
63%
are
61%
bummer
61%
off
61%
sexy
61%
drunk,
60%
mega
60%
bottom
58%
feel
58%
secrets
58%
top
58%
Uh-huh
58%
Uh-huh,
58%
for
56%
got
56%
mattress
56%
Telling
53%
(Shake
51%
wow
51%
hot,
49%
(Ew)
35%
No matching quizzes found
Score Distribution
Percent of People with Each Score
Percentile by Number Answered
Your Score History
You have not taken this quiz